Collocations in a learner corpus
Αποθηκεύτηκε σε:
| Κύριος συγγραφέας: | |
|---|---|
| Μορφή: | Βιβλίο |
| Γλώσσα: | English |
| Δημοσίευση: |
Amsterdan; Philadelphia :
John Benjamins,
[2005]
|
| Σειρά: | Studies in corpus linguistics ;
; 14 |
| Θέματα: | |
| Ετικέτες: |
Προσθήκη ετικέτας
Δεν υπάρχουν, Καταχωρήστε ετικέτα πρώτοι!
|
MARC
| LEADER | 00000nam a2200000 i 4500 | ||
|---|---|---|---|
| 001 | 1/60972 | ||
| 008 | 071030s2005 eng d | ||
| 020 | |a 9027222851 (Eur., hbk.) | ||
| 020 | |a 1588115240 (US, hbk.) | ||
| 035 | |l 10091934 | ||
| 040 | |a GR-MY-UA |b gre |e aacr | ||
| 041 | 0 | |a eng | |
| 082 | 0 | |a 418.0071 |2 (22) | |
| 100 | 1 | |a Nesselhauf, Nadja. | |
| 245 | 1 | 0 | |a Collocations in a learner corpus / |c Nadja Nesselhauf |
| 260 | |a Amsterdan; Philadelphia : |b John Benjamins, |c [2005] | ||
| 300 | |a vii, 331 σ.; |b πιν.; |c 22 εκ. | ||
| 490 | 1 | |a Studies in Corpus Linguistics |v ; 14 | |
| 504 | |a Βιβλιογραφία: σ. [307]-320. Ευρετήριο | ||
| 650 | 0 | 0 | |a Language and languages |x Study and teaching. |
| 650 | 0 | 0 | |a Phraseology |x Study and teaching. |
| 830 | 0 | |a Studies in corpus linguistics ; |v ; 14 | |
| 852 | |a INST |b RHODES |e 20071030 |h 418.0071 NES |p 005400025357 |q 005400025357 |t BK |y 0 | ||
| 901 | |a BIBL4-2007-3 | ||
| 909 | |a Ρ |b 139701 | ||
| 922 | |a 4ΕΛΗ |b 200710 |c ΕΠΕΑΕΚ2/ΤΜΣ |d ΠΑΠΑΣΩΤΗΡΙΟΥ | ||
| 970 | |a ΧΑΡΙΟΠΟΛΙΤΟΥ |b ΚΩΝΣΤΑΝΤΙΝΑ |z 2007/10/30 | ||